000 01828nam0a2200349 4500
001 RU\NLR\BIBL_A\012750696
005 20230327121015.0
010 _a978-5-89017-071-2
021 _aRU
_bКН-П-21-092197
_9КН-П-21-7354
035 _a(NLR Aleph) 012750696
090 _a13031066
_c13031066
100 _a20220404d2021 k y0rusy50 ca
101 0 _arus
102 _aRU
105 _aa|||z|||111zy
181 0 _ai3
_baxxe
182 0 _an
200 1 _aXXXVII Сибирский теплофизический семинар, посвященный Году науки и технологий Российской Федерации и 60-летию первого полета человека в Космос, 14-16 сентября 2021 г., Новосибирск, Россия
_eвсероссийская конференция с элементами научной школы для молодых ученых
_eтезисы докладов
_fИнститут теплофизики им. С. С. Кутателадзе СО РАН [и др.]
203 _aТекст
_bвизуальный
_cнепосредственный
210 _aНовосибирск
_c[б. и.]
_d2021
215 _a279, [14] с.
_cил., цв. ил.
_d29
313 _aПо пред.изд. 2020 г.
320 _aБиблиогр. в конце ст.
320 _aАвт. указ. в конце кн.
606 1 _aТеплофизика
_jТезисы докладов
_91363268
_3RU\NLR\AUTH\66256213
686 1 _aЗ31я434
710 1 2 _aСибирский теплофизический семинар
_d37
_eНовосибирск
_f2021
_9792727
_3RU\NLR\AUTH\880562796
942 _cBOOK
980 _aNB